LEADER 01611nam a2200313 a 4500 001 000000121391 003 CaOOAMICUS 005 20100427101639.0 008 100427t2008 gw u000 u eng r 020 $a978-3-525-53090-0 040 $aPUL$bita$dReb 041 0 $aeng$aheb 245 00$aJudaistik und neutestamentliche Wissenschaft :$bStandorte - Grenzen - Beziehungen /$cLutz Doering, Hans-Günther Waubke, Florian Wilk (Hg.) 260 $aGöttingen :$bVandenhoeck & Ruprecht,$cİ2008. 300 $a416 p. ;$c24 cm 490 1 $aForschungen zur Religion und Literatur des Alten und Neuen Testaments ;$v226 504 $aInclude riferimenti bibliografici ed indice. 630 04$aBiblia$pN.T.$xStudi ebraici.$0(OLS)http://pul/subject/36771 630 04$aBiblia.$pN.T.$xCritica e interpretazione.$0(OLS)http://pul/subject/1926 700 1 $aWaubke, Hans-Günther,$d1960-$0(OLS)http://pul/name/76009 700 1 $aDoering, Lutz,$d1966-$0(OLS)http://pul/name/53653 700 1 $aWilk, Florian.$0(OLS)http://pul/name/30484 830 0$aForschungen zur Religion und Literatur des Alten und Neuen Testaments ;$v226.$0(OLS)http://pul/title/15482 850 $aPUL 852 $aPUL$W1$xSL Religione 1$y3$m10(5) A 226$j139251$qStampati$B138466$CPULBib$Z2$F138466 $H113408 $82 941 1 $a8 996 $6020$a978-3-525-53090-0$9(OLS)http://pul/number/144010 996 $6245$aJudaistik und neutestamentliche Wissenschaft :$bStandorte - Grenzen - Beziehungen$9(OLS)http://pul/title/152724 996 $6260$aGöttingen :$bVandenhoeck & Ruprecht$9(OLS)http://pul/publisher/47973 LEADER 01344nam a2200313 a 4500 001 000000170971 003 CaOOAMICUS 005 20181207115900.0 008 181207s2018 it u000 u ita r 020 $a978-88-94876-25-3* 032 $aLibriCat 040 $aPUL$bita 082 04$a230 100 1 $aParisi, Cristiano Massimo,$cC.P.,$d1969 -$0(OLS)http://pul/name/90553 245 10$aRi-dire Dio alla scuola di Barth :$bil solus Deus e il Dio dell'uomo /$cCristiano Massimo Parisi. 260 $aNapoli :$bEditrice Domenicana Italiana,$cİ2018. 300 $a142 p. :$c22 cm. 490 1 $aStudi teologici ;$v7 504 $aBibliografia in nota. 600 14$aBarth, Karl,$d1886-1968$xTeologia.$0(OLS)http://pul/subject/24137 830 0$aStudi teologici (EDI) ;$v7.$0(OLS)http://pul/title/202301 850 $aPUL 852 $aPUL$W1$xSL Religione 3$y85$m230 PARCR 1$j194390$qDDC 21$B199511$CPULBib$Z2$F199511 $H131916 $81 941 1 $a9 996 $6020$a978-88-94876-25-3*$9(OLS)http://pul/number/165531 996 $6082$a230$9(OLS)http://pul/classification/368 996 $6245$aRi-dire Dio alla scuola di Barth :$bil solus Deus e il Dio dell'uomo$9(OLS)http://pul/title/211827 996 $6260$aNapoli :$bEditrice Domenicana Italiana$9(OLS)http://pul/publisher/47904